[Event "Krakow op-B 31st"]
[Site "Krakow"]
[Date "2021.01.03"]
[Round "8"]
[White "Gorkiewicz, Mateusz"]
[Black "Mikula, Michal"]
[Result "1-0"]
[WhiteElo "2014"]
[BlackElo "1894"]
[PlyCount "85"]
[EventDate "2020.12.27"]
[EventType "swiss"]
[EventRounds "9"]
[EventCountry "POL"]
[SourceTitle "CBM 200 Extra"]
[Source "ChessBase"]
[SourceDate "2021.03.31"]
[SourceVersion "1"]
[SourceVersionDate "2021.03.31"]
[SourceQuality "1"]

1. e4 c5 2. Nf3 d6 3. d4 cxd4 4. Nxd4 Nf6 5. Nc3 g6 6. Be2 Bg7 7. 0-0 Nc6 8. Nb3 0-0 9. Bg5 Be6 10. Re1 Rc8 11. Bf1 Ne5 12. Nd5 Bxd5 13. exd5 a6 14. c3 Re8 15. a4 Qc7 16. f3 Nc4 17. Bxc4 Qxc4 18. Bxf6 Bxf6 19. Re4 Qc7 20. a5 Qd7 21. Qd2 Rc7 22. Rae1 Rec8 23. Qd3 Kg7 24. Rd1 Qf5 25. Qe2 Qd7 26. Kh1 h5 27. Ra1 Qf5 28. c4 Qd7 29. Nd4 Rc5 30. b3 Qc7 31. Qd2 h4 32. f4 Qd7 33. Rf1 Qc7 34. f5 g5 35. Nf3 Rxa5 36. Nxg5 Rh8 37. Rg4 Kf8 38. b4 Ra3 39. Ne4 Qxc4 40. Rc1 Ra1 41. Rxa1 Bxa1 42. Qd1 Rg8 43. Ng5 1-0

[Event "Krakow op-B 31st"]
[Site "Krakow"]
[Date "2021.01.02"]
[Round "7"]
[White "Mikula, Michal"]
[Black "Ruhland, Cliff"]
[Result "1/2-1/2"]
[WhiteElo "1894"]
[BlackElo "2006"]
[PlyCount "48"]
[EventDate "2020.12.27"]
[EventType "swiss"]
[EventRounds "9"]
[EventCountry "POL"]
[SourceTitle "CBM 200 Extra"]
[Source "ChessBase"]
[SourceDate "2021.03.31"]
[SourceVersion "1"]
[SourceVersionDate "2021.03.31"]
[SourceQuality "1"]

1. e4 e5 2. Nf3 d6 3. d4 exd4 4. Nxd4 Nf6 5. Nc3 Be7 6. Be2 0-0 7. Be3 Re8 8. g4 Bf8 9. f3 d5 10. g5 dxe4 11. gxf6 exf3 12. Nxf3 Qxf6 13. Qd4 Qe6 14. Bf2 Nc6 15. Qd5 Qf6 16. 0-0-0 Nb4 17. Qd2 Bf5 18. Bh4 Qb6 19. Nd4 Be4 20. Rhg1 c5 21. Nxe4 Rxe4 22. Nf5 Nxa2+ 23. Kb1 Rxe2 24. Nh6+ Kh8 1/2-1/2

[Event "Krakow op-B 30th"]
[Site "Krakow"]
[Date "2019.12.30"]
[Round "5"]
[White "Mikula, Michal"]
[Black "Wojdak, Jan"]
[Result "1-0"]
[WhiteElo "1821"]
[BlackElo "2017"]
[PlyCount "113"]
[EventDate "2019.12.27"]
[EventType "swiss"]
[EventRounds "9"]
[EventCountry "POL"]
[SourceTitle "CBM 195 Extra"]
[Source "ChessBase"]
[SourceDate "2020.05.31"]
[SourceVersion "1"]
[SourceVersionDate "2020.05.31"]
[SourceQuality "1"]

1. e4 c5 2. b4 d6 3. bxc5 dxc5 4. Nf3 Nc6 5. Bc4 e6 6. 0-0 Nf6 7. d3 Be7 8. Bb2 0-0 9. a4 a6 10. Nbd2 Qc7 11. Re1 b6 12. h3 Bb7 13. Nh2 e5 14. Ndf1 Na5 15. Ne3 Rad8 16. Nhg4 Nxc4 17. Nxc4 Nxg4 18. Qxg4 Rd4 19. Bxd4 cxd4 20. Qf5 Re8 21. Qxe5 Qxe5 22. Nxe5 Bb4 23. Reb1 Bc3 24. Nc4 Bxa1 25. Rxa1 Bc6 26. Nxb6 Rb8 27. a5 Kf8 28. Rb1 Rd8 29. Kf1 Ke7 30. Rb4 Ke6 31. Rc4 Bb5 32. Rc5 Rd6 33. f4 g6 34. Re5+ Kf6 35. Rxb5 Rc6 36. Nd5+ Kg7 37. Rb2 Rc5 38. Ra2 f5 39. Ke2 Rc6 40. e5 g5 41. Kf3 Kf7 42. Nb6 Kg6 43. Ra4 Rxc2 44. Rxd4 gxf4 45. Rxf4 Rc3 46. Rd4 Kg5 47. e6 Kf6 48. Nd5+ Ke5 49. Nxc3 Kxd4 50. Ne2+ Ke5 51. e7 Kd5 52. e8Q f4 53. Nxf4+ Kc5 54. Qe4 Kb5 55. Qc4+ Kxa5 56. Nd5 h6 57. Qb4# 1-0

[Event "Krakow-ch rapid"]
[Site "Krakow"]
[Date "2018.06.17"]
[Round "9"]
[White "Mikula, Michal"]
[Black "Mikrut, Dariusz"]
[Result "1/2-1/2"]
[WhiteElo "1803"]
[BlackElo "2379"]
[PlyCount "70"]
[EventDate "2018.06.16"]
[EventType "swiss (rapid)"]
[EventRounds "9"]
[EventCountry "POL"]
[SourceTitle "CBM 184 Extra"]
[Source "ChessBase"]
[SourceDate "2018.06.28"]
[SourceVersion "1"]
[SourceVersionDate "2018.06.28"]
[SourceQuality "1"]

1. e4 c5 2. Nc3 Nc6 3. Bb5 Nd4 4. Bc4 e6 5. Nge2 Nf6 6. d3 a6 7. a4 Qc7 8. Bg5 Be7 9. Nxd4 cxd4 10. Ne2 h6 11. Bh4 e5 12. 0-0 g5 13. Bg3 d6 14. c3 dxc3 15. Rc1 h5 16. Rxc3 Qd8 17. Qb3 Rh7 18. f3 g4 19. f4 h4 20. Bf2 g3 21. Bb6 gxh2+ 22. Kh1 Qd7 23. f5 Bd8 24. a5 Rg7 25. Qc2 Qe7 26. Bxf7+ Rxf7 27. Rxc8 Rxc8 28. Qxc8 Qd7 29. Rc1 Qxc8 30. Rxc8 Rd7 31. Kxh2 d5 32. Rxd8+ Rxd8 33. Bxd8 Kxd8 34. exd5 Ng4+ 35. Kh3 Ne3 1/2-1/2